000 00613nam a2200265Ia 4500
005 20260306163622.0
008 008 260114s9999 xx 000 0 eng d
020 _a9780300241112
037 _aEBOOK
040 _aCRL
040 _beng
040 _cCRL
041 _2eng
041 _aeng
084 _qCRL
100 _aSteinberg
245 2 _aA Garland Of Bones: Child Runaways In India
260 _bYale University Press
260 _c2019
650 _aSocial Work
856 _uhttps://academic.oup.com/book/31608
942 _cEBOOK
999 _c1710825
_d1710825